=LDR 00000nam 2200000 4500 =001 001208 =005 20250710114700 =035 ##$$a 0010-0725000383 =007 ta =008 250710################a##########0#ind## =020 ##$$a 978-623-118-837-3 =082 ##$$a 398.209 598 =084 ##$$a 398.209 598 IRA h =100 #$$a Ira diana =245 1#$$a Hore kukatakan ideku /$c Ira diana =250 ##$$a Cetakan pertama =260 ##$$a Rawamangun :$b Badan pengembangan dan pembinaan bahasa,$c 2022 =300 ##$$a 36 hlm. : $b Ilus. ; $c 29,7cm =650 #4$$a Cerita anak-indonesia =990 ##$$a TBM02740274